<?xml version="1.0" encoding="UTF-8"?>
<record
    xmlns:xsi="http://www.w3.org/2001/XMLSchema-instance"
    xsi:schemaLocation="http://www.loc.gov/MARC21/slim http://www.loc.gov/standards/marcxml/schema/MARC21slim.xsd"
    xmlns="http://www.loc.gov/MARC21/slim">

  <leader>01072nam a2200193   4500</leader>
  <controlfield tag="005">20260319132823.0</controlfield>
  <datafield tag="020" ind1=" " ind2=" ">
    <subfield code="a">9781285085180</subfield>
  </datafield>
  <datafield tag="020" ind1=" " ind2=" ">
    <subfield code="a">1285085183</subfield>
  </datafield>
  <datafield tag="050" ind1=" " ind2=" ">
    <subfield code="a">NC997</subfield>
    <subfield code="b">.L22</subfield>
  </datafield>
  <datafield tag="100" ind1=" " ind2=" ">
    <subfield code="a">Landa, Robin</subfield>
  </datafield>
  <datafield tag="245" ind1=" " ind2=" ">
    <subfield code="a">Graphic design solutions</subfield>
  </datafield>
  <datafield tag="250" ind1=" " ind2=" ">
    <subfield code="a">5th Edition</subfield>
  </datafield>
  <datafield tag="260" ind1=" " ind2=" ">
    <subfield code="a">Boston,MA</subfield>
    <subfield code="b">Wadsworth, Cengage Learning</subfield>
    <subfield code="c">2014</subfield>
  </datafield>
  <datafield tag="300" ind1=" " ind2=" ">
    <subfield code="a">xvi, TL20, 409 pages </subfield>
    <subfield code="b"> illustrations (some color)</subfield>
    <subfield code="c">28 cm</subfield>
  </datafield>
  <datafield tag="500" ind1=" " ind2=" ">
    <subfield code="a">Includes bibliographical references (pages 383-385) and index</subfield>
  </datafield>
  <datafield tag="505" ind1=" " ind2=" ">
    <subfield code="a">Part I: Fundamentals of graphic design
Introduction: the graphic design profession
Graphic design: the basics
Typography
The design process
Creativity and concept generation
Visualization and color
Composition
Proportional systems and the grid
Part II: Formats &amp; disciplines
Posters
Book cover design
Branding and visual identity
Advertising
Interactive design and motion graphics
Corporate communication: brochures, annual reports, and more
Package design
Part III: The portfolio and job search
</subfield>
  </datafield>
  <datafield tag="650" ind1=" " ind2=" ">
    <subfield code="a">Commercial art Graphic arts</subfield>
  </datafield>
  <datafield tag="942" ind1=" " ind2=" ">
    <subfield code="c">BK</subfield>
  </datafield>
  <datafield tag="999" ind1=" " ind2=" ">
    <subfield code="c">8535</subfield>
    <subfield code="d">8535</subfield>
  </datafield>
  <datafield tag="952" ind1=" " ind2=" ">
    <subfield code="0">0</subfield>
    <subfield code="1">0</subfield>
    <subfield code="4">0</subfield>
    <subfield code="7">0</subfield>
    <subfield code="8">REF</subfield>
    <subfield code="a">MUCGM</subfield>
    <subfield code="b">MUCGM</subfield>
    <subfield code="c">GEN</subfield>
    <subfield code="d">2026-02-01</subfield>
    <subfield code="e">EPP BOOKS</subfield>
    <subfield code="l">0</subfield>
    <subfield code="o">NC997 .L22</subfield>
    <subfield code="p">9235</subfield>
    <subfield code="r">2026-03-19 13:29:32</subfield>
    <subfield code="w">2026-03-19</subfield>
    <subfield code="y">BK</subfield>
  </datafield>
  <datafield tag="952" ind1=" " ind2=" ">
    <subfield code="0">0</subfield>
    <subfield code="1">0</subfield>
    <subfield code="4">0</subfield>
    <subfield code="7">0</subfield>
    <subfield code="8">REF</subfield>
    <subfield code="a">MUCGM</subfield>
    <subfield code="b">MUCGM</subfield>
    <subfield code="c">GEN</subfield>
    <subfield code="d">2026-02-01</subfield>
    <subfield code="e">EPP BOOKS</subfield>
    <subfield code="l">0</subfield>
    <subfield code="o">NC997 .L22</subfield>
    <subfield code="p">9234</subfield>
    <subfield code="r">2026-03-19 13:29:52</subfield>
    <subfield code="w">2026-03-19</subfield>
    <subfield code="y">BK</subfield>
  </datafield>
</record>
